| 000 | 00454nam a2200169Ia 4500 | ||
|---|---|---|---|
| 005 | 20250624031656.0 | ||
| 008 | 240331s9999 xx 000 0 und d | ||
| 020 | _a9559740849 | ||
| 082 |
_bWIC _a340 |
||
| 100 | _aWickramanayake,A | ||
| 245 | 0 | _aLagu karya patipatiya ha nadu vimarshana | |
| 260 |
_aRagama _bShweta Sankha Publishing Centre _c2005 |
||
| 300 | _aXiv, 200 p ., | ||
| 650 | _aShort Procedure | ||
| 650 | _aCase Investigation | ||
| 942 | _cL | ||
| 999 |
_c5253 _d5253 |
||